[Event "Candidates sf"]
[Site "Elista"]
[Date "2007.05.31"]
[Round "1.4"]
[White "Malakhov, Vladimir"]
[Black "Grischuk, Alexander"]
[Result "0-1"]
[WhiteElo "2679"]
[BlackElo "2717"]
[Annotator "Krasenkow,M"]
[PlyCount "74"]
[EventDate "2007.05.27"]
[EventType "k.o."]
[EventRounds "12"]
[EventCountry "RUS"]
[SourceTitle "CBM 119"]
[Source "ChessBase"]
[SourceDate "2007.08.01"]
[SourceVersion "1"]
[SourceVersionDate "2007.08.01"]
[SourceQuality "1"]

1. c4 Nf6 2. Nf3 e6 3. Nc3 d5 4. d4 dxc4 5. Qa4+ c6 6. Qxc4 b5 7. Qd3 Nbd7 8.
e4 b4 9. Na4 Qa5 10. b3 c5 {This system was examined by GM Ch.Lutz in his
annotations to Kortschnoj-Zvjaginsev (CBM 90).} 11. Be2 $6 {Too soft.} (11. e5
Nd5 12. Bd2 {is usually played.}) 11... Bb7 12. e5 Ne4 {The knight is not safe
here.} (12... Nd5 $142 13. O-O Be7 (13... Rc8 14. Bd2 Be7 15. Rac1 O-O 16. Qb5
Qxb5 17. Bxb5 Bc6 18. Ba6 $6 (18. Bxc6 $11) 18... Rcd8 19. Nxc5 Nxc5 20. Be2
Nxb3 21. axb3 Bb7 22. Ra1 Nc3 23. Bc4 Bxf3 24. gxf3 Rxd4 25. Be3 Rd7 26. Bxa7
Ra8 $11 {1-0 Umansky,M-Dreev,A/Gorky 1989/CBM 016 (61)}) 14. Bd2 O-O 15. Rfc1
Rfc8 16. Qb5 Qxb5 17. Bxb5 N5b6 $5 {the idea behind 15...Rfc8!} 18. dxc5 Nxc5
19. Nxb6 (19. Nxc5 $142) 19... axb6 20. Nd4 Ne4 21. Be3 Rxc1+ 22. Rxc1 Nc3 23.
Rc2 Bc5 24. Bf1 Be4 25. Rd2 Nxa2 $15 {0-1 Piket,J-Van Wely,L/Monte Carlo 1999/
CBM 069 ext (40)}) 13. Be3 Rd8 $6 {An unnecessary move.} (13... cxd4 $142 14.
Bxd4 Be7) 14. O-O {[%cal Rd3b5]} a6 15. Rac1 Be7 16. Qc2 $1 O-O (16... cxd4 17.
Bxd4 O-O 18. Qc7) 17. Bd3 cxd4 18. Bxe4 Rc8 $2 {[%mdl 64] Black goes for
complications, which should end up in White's favor.} (18... Bxe4 $142 19. Qxe4
dxe3 20. Qxe3 Rc8 {although White keeps his initiative by means of} 21. Qa7 $1)
19. Bxh7+ Kh8 20. Qd3 Rxc1 (20... Bxf3 21. Rxc8 Rxc8 22. Bxd4 Nxe5 23. Bxe5
Qxe5 24. Qxf3 Kxh7 25. Qxf7 $16) 21. Bxc1 $2 {Obvious but wrong!!!} (21. Rxc1
$1 Bxf3 (21... dxe3 22. Qxd7 Bxf3 23. Qxe7 $18) 22. Qxd4 $1 Nxe5 23. Bb1 Rd8 (
23... Ba8 24. Rc5 $3 $18) 24. Qf4 Bc6 25. Qg3 Kg8 26. Bb6 Qd5 27. Bxd8 Bxd8 28.
f3 $16) 21... Bxf3 22. Qxf3 (22. gxf3 $2 Nxe5 23. Qe4 f5 24. Qb7 Kxh7 25. Qxe7
Nxf3+ 26. Kg2 Qd5 $19) 22... Kxh7 23. Re1 $6 {It was time for liquidation:} (
23. Bb2 Nxe5 24. Qh5+ Kg8 25. f4 Nc6 26. Qxa5 Nxa5 27. Bxd4 $11) 23... Kg8 24.
Qg3 $6 (24. Qe4) 24... f6 $2 {[%mdl 32] Unnecessarily opening up the centre.} (
24... Rc8 $17 {[%csl Gd4][%cal Yc8c2]}) 25. exf6 Rxf6 26. Qd3 Qd5 27. Qe4 $2 {
White finally decides to exchange queens... at the most inappropriate moment!}
(27. f3 $142 $11 Ne5 $140 28. Qe4) 27... Qxe4 28. Rxe4 e5 {[%cal Rf6c6,Rc6c2]}
29. Nb2 (29. f4 Rc6 30. Bb2 d3 31. Kf1 Rc2 $17 {[%cal Rd7c5,Rd7f6]}) (29. Kf1
Rc6 30. Bb2 Bg5 $1 $17) 29... Rc6 30. Nc4 Nb6 31. Rxe5 Bf6 {Black recaptures
the c4 pawn and his advanced pawns bring him a decisive advantage.} 32. Ra5 (
32. Re1 Nxc4 33. bxc4 Rxc4 {[%cal Ya6a5,Ya5a4,Yb4b3,Yd4d3]}) 32... Nxc4 33.
bxc4 Rxc4 34. Bf4 d3 35. g3 Rc2 36. Rd5 Rxa2 37. Rxd3 Ra3 $1 {White resigns as
Black's b4 pawn is unstoppable.} 0-1

[Event "Candidates sf"]
[Site "Elista"]
[Date "2007.05.29"]
[Round "1.3"]
[White "Gelfand, Boris"]
[Black "Kasimdzhanov, Rustam"]
[Result "1/2-1/2"]
[WhiteElo "2733"]
[BlackElo "2677"]
[Annotator "Krasenkow,M"]
[PlyCount "76"]
[EventDate "2007.05.27"]
[EventType "k.o."]
[EventRounds "12"]
[EventCountry "RUS"]
[SourceTitle "CBM 119"]
[Source "ChessBase"]
[SourceDate "2007.08.01"]
[SourceVersion "1"]
[SourceVersionDate "2007.08.01"]
[SourceQuality "1"]

1. d4 d5 2. c4 c6 3. Nf3 Nf6 4. Nc3 e6 5. Bg5 h6 6. Bh4 dxc4 7. e4 g5 8. Bg3 b5
9. Be2 Bb7 10. h4 g4 11. Ne5 Nbd7 12. Bxg4 {Not the most popular option in
this position.} (12. Nxg4) (12. Nxd7) (12. O-O) 12... Rg8 (12... Nxg4 13. Qxg4
Nf6 14. Qf4 $36) (12... b4 13. Na4) 13. Nxd7 (13. Bf3 $2 {leads to an
advantage for Black after a positional exchange sacrifice:} Rxg3 $1 14. fxg3 (
14. Nxd7 Rxf3) 14... Nxe5 15. dxe5 Nd7 16. O-O Nxe5 17. Bh5 Bc5+ 18. Kh1 (18.
Kh2 Qxd1 19. Raxd1 Ke7 20. Ne2 Be3 21. Nf4 c5 22. Bxf7 Bxf4 23. Rxf4 Nxf7 24.
Rxf7+ Kxf7 25. Rd7+ Kf6 26. Rxb7 a6 27. Rc7 Ke5 28. Rxc5+ Kd6 29. Rh5 b4 {
0-1 Domogaev,S-Novikov,M/Tula 2005/EXT 2006 (41)}) 18... Qxd1 19. Raxd1 Ke7 20.
Bxf7 Nxf7 21. Rxf7+ Kxf7 22. Rd7+ Kf6 23. Rxb7 Ke5 24. Rc7 Kd6 25. Rh7 Bd4 26.
Rxh6 Rf8 27. Rh5 Be5 28. Kg1 b4 29. Na4 Bd4+ 30. Kh2 c3 {0-1 Borovikov,
V-Shalimov,V/Alushta 2000/EXT 2001 (36)}) 13... Qxd7 14. Bf3 O-O-O (14... b4
15. Na4 c5 16. Nxc5 Bxc5 17. dxc5 O-O-O $6 (17... Bxe4 18. Bd6 $1 $36) (17...
Nxe4 $1 18. Qxd7+ Kxd7 19. Rd1+ $5 (19. O-O-O+ Ke8 $1 20. Rhe1 (20. Rd4 $6 Nxg3
21. Bxb7 Ne2+) 20... Nxc5 21. Bxb7 Nxb7 22. Rd4 $44) 19... Ke7 (19... Ke8 20.
Rd4 Nxg3 $2 21. Bxb7) 20. Bd6+ Kf6 21. c6 Bxc6 22. Bxb4 $14) 18. Qxd7+ Rxd7 19.
Rc1 Bxe4 (19... Nxe4 $2 20. c6 Bxc6 21. Rxc4 $18) 20. Rxc4 Bxf3 21. gxf3 a5 22.
Ke2 Rd5 23. a3 bxa3 24. bxa3 e5 25. Rb1 $16 {1-0 Shchekachev,A-Shalimov,V/St
Petersburg 1999/CBM 074/[Lutz] (33)}) (14... c5 15. dxc5 b4 16. Qxd7+ Kxd7 17.
O-O-O+ Kc8 18. Nb5 Nxe4 {Ch.Lutz} 19. c6 $1 Bxc6 20. Rhe1 f5 21. Nd4 $16) 15.
Bf4 $146 {A new concept. White avoids the exchange sacrifice but retains the
possibility of playing e4-e5. If necessary, this bishop will go to e3 or even
d2! However, Black solves his problems by tactical means.} (15. a4 a6 (15... b4
16. Ne2 c5 17. Qc2 $14 {Se.Ivanov}) 16. Be5 (16. Bf4 {-game}) 16... Ne8 (16...
Qe7 $5 {[%cal Yf6d7,Ye6e5] Se.Ivanov}) 17. axb5 cxb5 18. d5 Qe7 19. Qe2 Bg7 20.
Bg3 Bd4 21. O-O-O Qc5 22. dxe6 fxe6 23. Bg4 Nc7 24. Nd5 Bxd5 25. exd5 Bxb2+ $1
26. Kxb2 Qb4+ 27. Kc2 Qa4+ $1 28. Kc1 Qa1+ 29. Kc2 Qa2+ $11 30. Kc1 Qa1+ {
1/2-1/2 Ivanov,S-Shalimov,V/Saint Petersburg 80/448 2000/Inf 80/[Ivanov,Se]})
15... a6 16. a4 Bb4 17. e5 c5 $1 {[%mdl 64]} (17... Nd5 18. Bd2 $1) (17... Ng4
$6 18. axb5 cxb5 19. O-O) 18. exf6 cxd4 19. axb5 Qxb5 (19... dxc3 20. Qxd7+
Rxd7 21. Ra4 Bxf3 22. gxf3 Rgd8 (22... a5 23. bxc3) 23. Rxb4 Rd1+ 24. Ke2 Rxh1
25. Rxc4+ Kb7 26. bxc3 Rxh4 27. Rc7+ Kb6 28. Bg3 axb5 29. Rxf7 $44) 20. Qc2 $1
(20. Bxb7+ Qxb7 21. Qe2 Qc6 22. Bd2 dxc3 23. bxc3 Bc5 24. f3 Rd3 $17) 20...
Bxf3 21. gxf3 dxc3 22. bxc3 Qf5 $1 (22... Bd6 23. Bxh6 Be5 24. Ke2 Rd3 25. Qa4
$1 $11) 23. Qxf5 Bxc3+ 24. Ke2 exf5 25. Ra4 (25. Rac1 $5 Rge8+ 26. Be3 Rd2+ (
26... Rd3 27. Rhd1 $1) 27. Kf1 Rd3 28. Bxh6 {and White should survive.}) 25...
Rge8+ 26. Be3 Rd2+ 27. Kf1 Rd1+ 28. Kg2 Rxh1 (28... Rg8+ $5 29. Kh2 Be5+ $1 30.
f4 Rxh1+ 31. Kxh1 Bc7 32. Rxa6 $1 ({after} 32. Rxc4 Kd7 $17 {White's f4 pawn
deprives him of counterplay.}) 32... Re8 33. Kg2 Kd7 {[%cal Re8e6]} 34. Ra4 Re4
35. Kf3 h5 $1 (35... Kc6 36. Ra6+ Kb5 37. Ra7) {Fortunately for White, he
survives in the pawn ending after} 36. Ra7 $1 c3 (36... Kc6 37. Ra6+ Kb7 38.
Ra7+ Kb8 39. Ra4) 37. Bb6 $1 Rxf4+ (37... Rc4 38. Bxc7 Rxc7 39. Rxc7+ Kxc7 40.
Ke3 Kd6 41. Kd3 Kd5 42. f3) 38. Ke2 Rc4 39. Rxc7+ Rxc7 40. Bxc7 Kxc7 41. Kd3
Kd6 42. Kxc3 Ke5 43. Kc4 $1 Ke4 44. Kc5 $1) 29. Kxh1 Bxf6 30. Rxc4+ Kd7 {
[%mdl 4096]} 31. Rb4 Rc8 32. h5 $1 {[%csl Rh6]} Bg7 33. Kg2 Rc6 34. Rb7+ Ke6
35. Ra7 Rd6 36. Bc5 Rc6 37. Be3 Rd6 38. Bc5 Rc6 {Black can't improve his
position.} 1/2-1/2

[Event "EU-Cup 25th"]
[Site "Ohrid"]
[Date "2009.10.09"]
[Round "6.1"]
[White "Hoffmann, Michael"]
[Black "Gelfand, Boris"]
[Result "0-1"]
[WhiteElo "2513"]
[BlackElo "2756"]
[Annotator "Krasenkow,M"]
[PlyCount "68"]
[EventDate "2009.10.04"]
[EventType "team-swiss"]
[EventRounds "7"]
[EventCountry "MKD"]
[SourceTitle "CBM 133"]
[Source "ChessBase"]
[SourceDate "2009.11.19"]
[SourceVersion "1"]
[SourceVersionDate "2009.11.19"]
[SourceQuality "1"]
[WhiteTeam "Solingen SG"]
[BlackTeam "Moscow ShSM-64"]
[WhiteTeamCountry "GER"]
[BlackTeamCountry "RUS"]

1. d4 d5 2. c4 c6 3. Nf3 Nf6 4. Nc3 e6 5. Bg5 h6 6. Bh4 dxc4 7. e4 g5 8. Bg3 b5
9. Be2 Bb7 10. h4 g4 11. Ne5 Nbd7 12. Nxd7 Qxd7 13. Be5 Qe7 14. Bxg4 (14. O-O {
- see Grischuk - Aronian in this issue.}) 14... Rg8 15. Bf3 (15. Bh3 $6 O-O-O (
15... b4 $5) 16. Qf3 Nd7 17. Bg3 Qf6 18. Qe3 Nb6 19. Be5 Qe7 20. d5 cxd5 21.
O-O-O Bc6 22. Qf4 Rd7 23. Rhe1 dxe4 24. Bf6 Qe8 25. Rxd7 Qxd7 26. Rd1 Nd5 $17 {
1/2 Nechepurenko,R (2510)-Bocharov,D (2605)/Krasnoiarsk 2007/CBM 120 (75)})
15... Nd7 16. Bg3 (16. Bh2 O-O-O 17. O-O Bg7 18. d5 {1/2 Grischuk,A (2720)
-Motylev,A (2675)/Saint Vincent 2005/CBM 110} Be5 $17) 16... e5 (16... O-O-O $5
17. Qc2 (17. Qe2 e5 18. d5 Nc5 19. O-O-O Nd3+ 20. Kb1 Kb8 21. dxc6 Bxc6 22. Nd5
Qb7 (22... Qd6 $1 $15) 23. Qc2 $2 (23. Nf6 Rxg3 24. fxg3 $13) 23... f5 24. Nf6
Rxg3 25. fxg3 fxe4 $19 {0-1 Georgescu,T (2384)-Gurevich,M (2611)/Plovdiv 2008/
CBM 124 (29)}) (17. O-O Bg7 18. a4 b4 19. Ne2 Ne5 20. Bxe5 Bxe5 21. Qc1 Bxd4
22. Nxd4 Rxd4 23. Qxh6 c5 24. Rfe1 f5 25. Qf4 Qf6 26. Re3 Qg7 27. h5 fxe4 {
0-1 Zontakh,A (2581)-Yevseev,D (2529)/Dagomys 2009/CBM 129 Extra}) 17... e5 (
17... Nb6 $5 18. a4 b4 19. a5 (19. Ne2 $5 a5 20. h5 $13) 19... bxc3 20. bxc3
Nd7 21. e5 Ba6 (21... Nb8 $5) 22. O-O Bb5 23. Rfb1 Nb8 24. a6 Nd7 25. Rxb5 cxb5
26. Qb1 Nb6 {1-0 Werle,J (2591)-Fridman,D (2637)/Liverpool 2008/CBM 126 Extra 
(63) Although Black lost this game (with an extra rook!), he should be
satisfied with the outcome of the opening.}) 18. d5 Nc5 19. O-O-O (19. O-O {
-game}) 19... Nd3+ 20. Kb1 Kb8 21. Be2 cxd5 (21... Nb4 $5 22. Qd2 cxd5 23. a3
$140 (23. exd5 f5) 23... Nd3 $1 24. exd5 (24. Bxd3 dxe4 $1) 24... Rxg3 $1 25.
fxg3 Nf2 $13) 22. Bxd3 cxd3 23. Qxd3 d4 $13 {1/2 Tregubov,P (2613)-Godena,M 
(2530)/France 2007/CBM 118 ext (55)}) 17. d5 (17. a4 $5 exd4 18. Qxd4 Bg7 (
18... Nc5 $2 19. axb5 Nb3 20. Qxc4 Nxa1 21. bxc6 Bc8 22. Nd5 $18 {1-0 Dobrov,V
(2515)-Potkin,V (2557)/playchess.com INT 2006/CBM 110 ext (39)}) 19. Qd1 (19.
Qd2 b4 20. Ne2 Nc5) 19... Be5 $1 (19... Qb4 20. e5 $5 Qxb2 21. O-O Qxc3 22. e6
$40) 20. axb5 cxb5 21. Nd5 Qd6 $13) 17... Nc5 18. O-O (18. dxc6 Nd3+ 19. Kf1
Bxc6 20. Qe2 O-O-O 21. b3 Qb4 22. Nd5 Bxd5 23. exd5 f5 $17 {0-1 Zaitsev,A 
(2370)-Yagupov,I (2441)/Tula 2004/EXT 2005 (32)}) 18... O-O-O $1 (18... Nd3 19.
Be2 Qc5 20. Bxd3 Rxg3 21. dxc6 Bxc6 22. Bc2 Bd6 23. Nd5 O-O-O 24. b4 cxb3 25.
Bxb3 Rdg8 26. Rc1 Rxg2+ 27. Kh1 R2g4 28. Qxg4+ Rxg4 29. Rxc5 Bxc5 30. Rc1 Rxh4+
31. Kg2 Kd7 32. Rxc5 Kd6 33. Rc3 Rxe4 34. f3 $14 {1/2 Rammstein,O-Simmelink,J/
LSS 2007/Telechess CBM 127 (62)}) 19. Qc2 (19. Qe2 Nd3 20. Kh2 (20. dxc6 Bxc6
21. a4 b4 22. Nd5 Qc5 23. Bh2 f5 24. b3 Bxd5 25. exd5 Bd6 $19 {0-1 Lalith,B 
(2328)-Arun Prasad,S (2492)/Nagpur 2008/CBM 126 Extra (43)}) (20. b3 $5) 20...
Qb4 (20... cxd5 21. Bg4+ Kb8 22. Nxd5 Bxd5 23. exd5 Qc5 $13) 21. a4 cxd5 22.
axb5 d4 23. Nd5 $13 {1-0 Smirnov,P (2624)-Potkin,V (2552)/Sochi 2005/CBM 107 
(28)}) 19... Nd3 20. b3 $1 $146 {[%mdl 8]} (20. dxc6 Bxc6 21. Kh2 f5 22. exf5
Bxf3 23. gxf3 Rd4 24. Ne4 Qf7 25. f6 Qh5 26. Qe2 Nf4 27. Qe3 Nd5 28. Qe2 Nxf6
$1 $17 {1/2 Lekic,D (2386)-Perunovic,M (2580)/Banja Vrucica 2009/CBM 130 Extra
(39)}) 20... Qc5 21. Kh1 cxd5 22. Nxd5 $2 (22. exd5 $142 f5 23. bxc4 $1 (23.
Nxb5 e4 $17) 23... e4 $1 (23... Qxc4 24. Rac1 $1) (23... bxc4 24. Rab1 $40) 24.
Nxe4 $1 Qxc4 $1 (24... fxe4 25. Bxe4 $36) 25. Qxd3 $1 Qxd3 26. Rfc1+ Bc6 (26...
Qc4 $2 27. Nd2) 27. Rxc6+ Kb7 28. Rc7+ Kb6 (28... Ka8 29. Nc3 $1 $16) 29. Rc6+
Kb7 $11) 22... f5 $1 23. bxc4 bxc4 (23... Qxc4 $5 24. Rfc1 $5) 24. Nc3 Rd4 $6 (
24... f4 $142 $1 {shutting up the white bishops, e.g.} 25. Bh2 Be7 26. Rab1 Bc6
$17 {[%csl Gd3,Rh2]}) 25. Rab1 $5 (25. Qa4 $5 $132) 25... fxe4 26. Rxb7 $1 exf3
$1 27. Rfb1 Qc6 $1 28. Rb8+ (28. Kg1 Rdg4 $1 29. Qa4 Qxa4 30. Nxa4 c3 $1 31.
Nxc3 Bb4 $1 $17) 28... Kd7 29. R1b7+ $2 {The right idea, but the wrong
execution of it. This move just chases the black king to safety.} (29. Nb5 $1 {
was correct, e.g.} Rdg4 (29... fxg2+ 30. Kg1 Re4 {is now senseless}) 30. Nxa7
$1 Qd5 $1 31. R1b6 $1 {[%cal Rc2a4]} (31. Qa4+ $6 Ke6) (31. R1b5 $2 Bc5 $1)
31... c3 $1 {Well, White has apparently nothing more than a perpetual.}) 29...
Ke6 30. Nb5 $2 (30. Kg1 Rxh4 $1 {[%cal Rg8g3]} 31. Bxh4 Rxg2+ 32. Kf1 Rh2 33.
Kg1 Rxh4 {[%cal Rf8c5]} 34. Qa4 Qxa4 35. Nxa4 Nf4 36. Re8+ Kd5 37. Rb5+ Kc6 38.
Rbxe5 Rg4+ 39. Kh1 Nh3 $19) 30... fxg2+ 31. Kg1 Re4 {[%cal Re4e1] That's the
difference. It is the white king which is now mated.} 32. Nc7+ Kf5 33. f3 Bc5+
34. Kxg2 Rxg3+ 0-1

[Event "Tata Steel-A 77th"]
[Site "Wijk aan Zee"]
[Date "2015.01.13"]
[Round "4"]
[White "Jobava, Baadur"]
[Black "Saric, Ivan"]
[Result "0-1"]
[WhiteElo "2727"]
[BlackElo "2666"]
[Annotator "Krasenkow,M"]
[PlyCount "76"]
[EventDate "2015.01.10"]
[EventType "tourn"]
[EventRounds "13"]
[EventCountry "NED"]
[EventCategory "20"]
[SourceTitle "CBM 165"]
[Source "ChessBase"]
[SourceDate "2015.03.11"]
[SourceVersion "1"]
[SourceVersionDate "2015.03.11"]
[SourceQuality "1"]

1. d4 d5 2. c4 c6 3. Nc3 Nf6 4. Nf3 e6 5. Bg5 h6 6. Bxf6 Qxf6 7. e3 g6 8. e4 $5
{Black has weakened dark squares in his camp; therefore, this advance is more
appropriate than a move earlier. Still, it is double-edged as White loses his
right to castle.} dxe4 9. Nxe4 Bb4+ 10. Ke2 Qe7 ({The practice of strong
players had seen this line only once, in a blitz game between two outstanding
GMs:} 10... Qf4 11. Qd3 Be7 12. g3 Qc7 13. Bg2 Nd7 14. Rhe1 b6 15. Kf1 Bb7 16.
c5 a5 17. Kg1 O-O 18. Qe3 Kg7 19. Ne5 $1 $36 {1-0 (31) Kramnik,V (2772)-Leko,P
(2752) Moscow 2009 The text move is more passive.}) 11. c5 O-O 12. Qa4 {
Suddenly Black's bishop is in danger.} (12. Qb3 Ba5 13. Qe3 {was also possible.
}) 12... Na6 $6 ({It was not easy to find} 12... a5 13. a3 e5 $3 {, which was
the only way to get a good position:} 14. Nxe5 (14. dxe5 Bxc5 $36) (14. axb4
exd4 15. Nfd2 (15. Kd3 $2 Bf5 16. Nfd2 Na6 $1) 15... f5 16. bxa5 fxe4 17. Qxd4
Rd8 $44) 14... f6 15. axb4 fxe5 {, and White's king in the centre is quite
vulnerable.}) 13. a3 b5 (13... e5 14. axb4 exd4 15. Kd3 {is now favourable for
White.}) 14. Qb3 Ba5 15. Ne5 Nb8 16. Qg3 $16 {White has properly rearranged
his pieces while Black has not yet developed his queenside. White can now
start an attack.} Bc7 17. Ke3 $6 {Not a good idea.} (17. h4 $1 $16 {[%cal
Yf2f4,Yh4h5]} h5 $140 18. Qg5) 17... g5 $1 {[%cal Rf7f6]} 18. f4 (18. Nd6 Bxd6
19. cxd6 Qxd6 20. Ng4 e5 $1 21. Qxe5 Qxe5+ 22. Nxe5 f6 23. Nd3 Bf5 $36 {
[%csl Re3]}) 18... f5 19. h4 $2 {[%mdl 512] This piece sacrifice is incorrect.}
(19. Nd6 $8 Bxd6 20. cxd6 Qxd6 21. h4 $13 {. In the event of} c5 22. hxg5 Qxd4+
23. Ke2 Qxb2+ 24. Ke3 Qd4+ {Black gives a perpetual.}) 19... Bxe5 (19... fxe4
$142) 20. dxe5 fxe4 21. hxg5 hxg5 22. Rh5 Rf5 23. Be2 Qg7 24. fxg5 Nd7 25. Rah1
Nf8 26. Rh8+ Qxh8 27. Rxh8+ Kxh8 28. Kxe4 $6 {After this "soft" move Black
easily converts his material advantage.} (28. Qh4+ $142 Kg8 29. Bh5 {
preventing ...Ng6} Bd7 $140 30. g6 Be8 31. g4 Rf1 32. Qg5 $132) 28... Bd7 29.
Ke3 (29. Qh4+ Kg8 30. Bh5 Be8 31. g4 Rf1 $19) 29... Rf7 30. Qh4+ Kg8 31. Qe4
Rc8 32. a4 bxa4 33. Qxa4 Rb8 34. b4 Rf5 35. Bf3 Rxe5+ 36. Kd4 Rxg5 37. Kc3 Rc8
38. Qxa7 Rg7 0-1

[Event "EU-Cup 25th"]
[Site "Ohrid"]
[Date "2009.10.09"]
[Round "6.1"]
[White "Grischuk, Alexander"]
[Black "Aronian, Levon"]
[Result "0-1"]
[WhiteElo "2733"]
[BlackElo "2773"]
[Annotator "Krasenkow,M"]
[PlyCount "58"]
[EventDate "2009.10.04"]
[EventType "team-swiss"]
[EventRounds "7"]
[EventCountry "MKD"]
[SourceTitle "CBM 133"]
[Source "ChessBase"]
[SourceDate "2009.11.19"]
[SourceVersion "1"]
[SourceVersionDate "2009.11.19"]
[SourceQuality "1"]
[WhiteTeam "Ural Sverdlovskaya"]
[BlackTeam "Yerevan Mika"]
[WhiteTeamCountry "RUS"]
[BlackTeamCountry "ARM"]

1. d4 d5 2. Nf3 Nf6 3. c4 c6 4. Nc3 e6 5. Bg5 h6 6. Bh4 dxc4 7. e4 g5 8. Bg3 b5
9. Ne5 Bb7 10. h4 g4 11. Be2 (11. Nxg4 {is more popular nowadays.}) 11... Nbd7
12. Nxd7 Qxd7 13. Be5 Qe7 14. O-O (14. Bxg4 {- see Hoffmann - Gelfand in this
issue.}) 14... Rg8 (14... h5 15. Qc2 (15. b3 $5 {was probably prepared by
Alexander Grischuk for this game}) 15... Bh6 16. b3 cxb3 17. axb3 O-O 18. Bxf6
Qxf6 19. e5 Qxh4 20. Ne4 Bg7 21. g3 Qd8 22. Nd6 Qb6 $13 {0-1 Grischuk,A (2720)
-Dreev,A (2698)/Mainz 2005/CBM 107 ext (42)}) 15. b3 $5 (15. Qc2 $5 Nd7 (15...
Nh5 $5) 16. Bg3 e5 17. d5 Qf6 18. b3 (18. dxc6 $5 Bxc6 19. a4 $1 $40) 18... b4
19. dxc6 Bxc6 20. Nd5 Bxd5 21. exd5 c3 22. a3 a5 (22... bxa3 23. Bb5 Rb8 24.
Bc6) 23. axb4 Bxb4 24. Bb5 $16 {1-0 Huang Qian (2410)-Ruan Lufei (2486)/
Beijing CHN 2009/The Week in Chess 759 (40)}) 15... Nd7 $1 (15... b4 16. Na4
Nxe4 (16... c3 $5) 17. Qc2 c5 18. Bxc4 $1 (18. dxc5 g3 $1 (18... Bc6 $6 19.
Qxc4 a5 20. Rad1 Qb7 21. Rd4 Be7 22. g3 Rd8 23. Rxd8+ Bxd8 24. Rd1 Bc7 25. Bd6
Qa7 26. Rd4 $16 {1-0 Brynell,S (2463)-Rasmussen,A (2501)/Ballerup 2009/CBM 130
Extra (51)}) 19. Bxc4 (19. fxg3 Nxg3 20. Bxc4 Bc6 $17) 19... gxf2+ 20. Rxf2 Qd7
$1 (20... Nxf2 $4 21. Bb5+ Kd8 22. c6 $18) 21. Re2 Qc6 $17) 18... Bg7 19. Bxg7
(19. Rae1 $5) 19... Rxg7 20. Rae1 Nd6 21. Nxc5 Nxc4 22. Qxc4 (22. bxc4 Bc6 23.
Qd2 O-O-O 24. Qxb4 Rxd4 25. g3 Qd6 26. Rb1 e5 $14 {1/2 Riazantsev,A (2656)
-Vitiugov,N (2638)/Moscow 2008/CBM 127 (128)}) 22... Bd5 23. Qxb4 (23. Qb5+ Kf8
24. Qxb4 {[%cal Yg2g3]} g3 25. Qd2 $16) 23... Qxh4 24. Ne4 Qe7 25. Qd2 Rg6 26.
Nc3 Rd8 27. Re5 $14 {1/2 Gupta,A (2472)-Korneev,O (2565)/Benasque 2007/CBM 119
ext (37)}) 16. Bg3 b4 17. Na4 c3 18. Qd3 h5 $1 $146 {[%mdl 8]} (18... e5 $143 {
as it is White who will attack in the centre:} 19. Rad1 Bg7 20. d5 Qd6 21. Bxg4
cxd5 22. exd5 O-O-O 23. a3 $1 Ba6 24. Qe3 h5 25. Bf5 Kb8 26. Rfe1 Bh6 27. Qf3
Bd2 28. axb4 Bxe1 29. Rxe1 $16 {[%csl Rb8] 1-0 Grischuk,A (2717)-Gelfand,B 
(2733)/Odessa 2007/CBM 119 (41)}) (18... a5 $5 19. a3) 19. a3 a5 20. axb4 axb4
21. Nc5 $1 {The only way to make use of White's development advantage.} Rxa1 (
21... Nxc5 22. Rxa8+ Bxa8 23. dxc5 Bb7 24. Bd6 $1 Qxh4 25. Rd1 $44) 22. Nxb7 $3
{[%mdl 512]} (22. Rxa1 Nxc5 23. dxc5 e5 24. Ra7 (24. Rd1 Bc8) 24... f6 $1 25.
Qc4 Rg7 $17 {[%csl Gc3,Rg3]}) 22... Ne5 $5 (22... Rxf1+ 23. Bxf1 e5 (23... Nb8
24. Nd6+ Kd8 25. d5 $44) 24. Qa6 f6 $8 25. Bc4 $1 $40 Nb6 $1 26. Qxb6 c2 27.
dxe5 $1 c1=Q+ 28. Kh2 Qxc4 $8 29. bxc4 fxe5 30. Qxc6+ Qd7 31. Qb6 $44) 23. Rxa1
$1 Nxd3 24. Ra8+ $1 (24. Nd6+ Qxd6 $1 25. Bxd6 Nc1 $1 (25... Bxd6 $143 26. Bxd3
) 26. Bxf8 (26. Rxc1 Bxd6 27. Ra1 Bb8 28. Bd3 Ke7 $19) (26. Bd1 Bxd6 27. Ra8+
Ke7 28. Rxg8 Ne2+ $1 29. Kf1 Nxd4 $19) 26... Nxe2+ 27. Kf1 Ng3+ $5 (27... Nxd4
$143 28. Bxb4 c2 29. Rc1 $17) 28. fxg3 Rxf8 29. Ke2 Ke7 {, and Black should
win this rook ending.}) 24... Kd7 25. Bxd3 Qf6 26. Be5 $2 {This natural move
meets a brilliant refutation.} (26. Na5 $6 Qxd4 27. Rd8+ Kxd8 28. Nxc6+ Kd7 29.
Nxd4 Bd6 $17 {_|_ Similarly to the game, the rook and the c3 pawn will be
stronger than two minor pieces.}) (26. e5 $1 Qh6 27. Ra7 $1 Kc8 28. Na5 {
and Black can't avoid a perpetual.}) 26... Bd6 $3 27. Bxf6 Rxa8 $19 {_|_} 28.
Kf1 (28. Nxd6 Kxd6 29. Kf1 Ra3 $19 {Black wins the b3 pawn, and his connected
pawns decide the game.}) 28... Ra1+ 29. Ke2 Ra2+ (29... Ra2+ 30. Ke1 c2 $19)
0-1